000 00629nam a2200193Ia 4500
008 130821s1976 sp gr spa
040 _aCo-BoUCM
_bspa
041 _aspa
100 _aHusserl, Edmund
_d1859-1938
_949627
245 _ainvestigaciones lógicas
_cEdmund Husserl.
260 _aMadrid (España)
_bRevista de Occidente
_c1976
300 _a777 páginas
490 _aBiblioteca de la Revista de Occidente.
_v25
_aSección Filosofía
650 0 4 _aFenomenología
_915640
650 0 4 _aFilosofía
_975
650 0 4 _aLógica
_918789
942 _cLIBRO
_a2
_e1
_mH87i
_2DEWEY
_h142.7
999 _c4434
_d4434